'P' Movies by Poster Quiz Stats

Quiz Updated Dec 26, 2015

Challenge
Share
Tweet
Score 0/20 Timer 05:00
5 Plays Today
% Correct
Pulp Fiction
90.1%
Pinocchio
87.5%
Pirates of the Caribbean
83.7%
The Passion of the Christ
80.7%
The Princess Diaries
80.6%
The Polar Express
80.4%
The Pianist
71.9%
Paranormal Activity
69.1%
Patch Adams
65.9%
Platoon
65%
% Correct
The Pursuit of Happyness
64%
Planet of the Apes
60.7%
The Perfect Storm
57.6%
Predator
57.3%
Patton
54.9%
Paul
53.3%
The Purge
47.5%
Pearl Harbor
46.9%
Pan's Labyrinth
38.9%
Prometheus
31.3%

You're not logged in!

Compare scores with friends on all Sporcle quizzes.
Sign Up with Email
OR
Log In

You Might Also Like...

Show Comments

Extras

Top Quizzes Today


Score Distribution

Your Account Isn't Verified!

In order to create a playlist on Sporcle, you need to verify the email address you used during registration. Go to your Sporcle Settings to finish the process.